Normal view MARC view

Entry Personal Name

Number of records used in: 1

001 - CONTROL NUMBER

  • control field: 60274

003 - CONTROL NUMBER IDENTIFIER

  • control field: OSt

005 - DATE AND TIME OF LATEST TRANSACTION

  • control field: 20260427151538.0

008 - FIXED-LENGTH DATA ELEMENTS

  • fixed length control field: 260427|| aca||aabn | a|a d

040 ## - CATALOGING SOURCE

  • Original cataloging agency: OSt
  • Transcribing agency: OSt

100 ## - HEADING--PERSONAL NAME

  • Personal name: Ngaihte, Thangkhanlal and Doungel, Jangkhongam

670 ## - SOURCE DATA FOUND

  • Source citation: Work cat.: (OSt): Ngaihte, Thangkhanlal and Doungel, Jangkhongam, The colonial impact on chieftainship: The case of the ZO people (1896–1954)

Powered by Koha